LEADER 00986nam a2200229 i 4500 001 000000233683 003 CaOOAMICUS 005 20140924000000.0 008 140924s1903 it u000 u ita u 013 $a212586 040 $aSeMil$bita 100 1 $aGriffini, Achille,$d<1870-1932>.$0(OLS)http://semarc/name/14080 245 10$aIttiologia italiana :$bdescrizione dei pesci di mare e d'acqua dolce /$cdel dott. Achille Griffini. 260 $aMilano :$bUlrico Hoepli,$c1903. 300 $aXII, 475, 64 p. :$bill. ;$c16 cm. 490 0 $aManuali Hoepli ;$v. 650 4$aPesci.$0(OLS)http://semarc/subject/2083 830 0$aManuali Hoepli ;$v.$0(OLS)http://semarc/title/7639 850 $aSeMil 852 $aSeMil$W1$xVenegono$y1$m2ZA II 44 FA$j184029$B184029$CSeMilBibl$Z2$F194825 $8I 996 $6245$aIttiologia italiana :$bdescrizione dei pesci di mare e d'acqua dolce$9(OLS)http://semarc/title/333521 996 $6260$aMilano :$bUlrico Hoepli$9(OLS)http://semarc/publisher/29765 LEADER 01027nam a2200229 i 4500 001 000000106665 003 CaOOAMICUS 005 20091103000000.0 008 091103s1934 sp u000 u mul u 013 $a78859 040 $aSeMil$bita 100 1 $aVitoria, Francisco : de,$c.$0(OLS)http://semarc/name/89758 245 13$aDe justitia (qq. 57-66) /$cFrancisco de Vitoria. 260 $aSalamanca :$bSan Esteban,$c1934. 300 $aXXXIX, 360 p. ;$c26 cm. 490 0 $aBiblioteca de teólogos españoles ;$v4 773 0 $aVitoria, Francisco : de $tComentarios a la Secunda secundae de Santo Tomás.$dSalamanca : San Esteban, 1932-1952.$g3$w()10790 830 0$aBiblioteca de teólogos españoles ;$v4.$0(OLS)http://semarc/title/14249 850 $aSeMil 852 $aSeMil$W1$xVenegono$y1$m2B V 98$j62781$B62781$CSeMilBibl$Z2$F71907 $81 996 $6245$aDe justitia (qq. 57-66)$9(OLS)http://semarc/title/154730 996 $6260$aSalamanca :$bSan Esteban$9(OLS)http://semarc/publisher/31819